| 000 | 00763nam a2200205Ia 4500 | ||
|---|---|---|---|
| 005 | 20240530105028.0 | ||
| 008 | 140319s1351 xx 000 0 ara d | ||
| 040 |
_aGCL / _cGCL |
||
| 082 | 0 | 4 |
_a413 / _bا ج |
| 100 | _aابى بكر محمد بن الحسن بن دريد الازدى البصرى | ||
| 245 | 1 | 0 |
_aجمهرة اللغة / _cتاليف ابى بكر محمد بن الحسن بن دريد الازدى البصرى |
| 260 |
_aبيروت : _bدار صادر ، _c1351هـ |
||
| 300 |
_aمتعدد ؛ _b30 سم |
||
| 500 | _aيحتوى على 5 نسخ | ||
| 650 | 0 | 4 | _aاللغة العربية |
| 650 | 0 | 4 | _aالقواميس |
| 650 | 0 | 4 | _aالمعاجم العربية |
| 942 |
_2ddc _cBK |
||
| 999 |
_c52610 _d52610 |
||